Saltar al contenido
Inicio
Centros participantes
Catálogo
Servicios
Contacto
登錄
English
Deutsch
Español
Français
Italiano
日本語
Nederlands
Português
Português (Brasil)
中文(简体)
中文(繁體)
Türkçe
עברית
Gaeilge
Cymraeg
Ελληνικά
Català
Euskara
Русский
Čeština
Suomi
Svenska
polski
Dansk
slovenščina
اللغة العربية
বাংলা
Galego
Tiếng Việt
Hrvatski
हिंदी
Հայերէն
Українська
Sámegiella
語言
全文檢索
題名
作者
主題
索引號
ISBN/ISSN
標簽
檢索
高級檢索
Methodo in social science
引用
推薦此
打印
導出紀錄
導出到 RefWorks
導出到 EndNoteWeb
導出到 EndNote
加到收藏夾
Enlace Permanente
Exportação concluída —
Agregar primera valuación
Methodo in social science A realista approach
Guardado en:
書目詳細資料
格式:
圖書
標簽:
添加標簽
沒有標簽, 成為第一個標記此記錄!
持有資料
實物特徵
您的評論
相似書籍
職員瀏覽
MARC
LEADER
00000nam a22000007a 4500
003
cru CRAI/IIS
005
20191216161052.0
008
191216b1994 GB ||||| |||| 00| 0 ENG d
999
|c
42781
|d
42781
020
|a
0-415-07607-2
040
|c
cru CRAI/IIS
090
|a
05.01.01 S274m
245
|a
Methodo in social science
|b
A realista approach
|c
Andrew Sayer
942
|2
ddc
|c
LI
相似書籍
Primera y Segunda Introducción: Doctrina de la Ciencia, nova methodo
由: Fichte, Johann Gottlieb
出版: (2016)
Situation of social science research in Central America /
由: Pakkasvirta, Jussi
出版: (2007)
The Clinical approach in the social sciences /
由: Sévigny, Robert
Action research as a new research paradigm in the social sciences/
由: Moser, Heinz
Approaches and methodologies in the social sciences: a pluralist perspective /
由: Della Porta, Donatella